000 00309nam a22001337a 4500
008 170523b xxu||||| |||| 00| 0 eng d
020 _a9780073380377
041 _aeng
080 _a681.2
100 _a26
101 _aIM
245 _aFUNDAMENTALS OF ELECTRICAL ENGINEERING
_cRIZZONI,G
942 _2udc
_cBK
999 _c13925
_d13925